[Event "GER Pfingstopen U12"]
[Site "Playchess.com INT"]
[Date "2020.06.02"]
[Round "7"]
[White "Geist, Tim"]
[Black "Melestean, Timur"]
[Result "0-1"]
[WhiteElo "1620"]
[BlackElo "1620"]
[PlyCount "88"]
[EventDate "2020.06.02"]
[EventType "swiss (blitz)"]
[EventRounds "11"]
[EventCountry "GER"]
[SourceTitle "CBM 197 Extra"]
[Source "ChessBase"]
[SourceDate "2020.09.30"]
[SourceVersion "1"]
[SourceVersionDate "2020.09.30"]
[SourceQuality "1"]

1. Nf3 Nf6 2. d4 d5 3. e3 c6 4. Bd3 Bg4 5. 0-0 e6 6. Nbd2 Bd6 7. h3 Bh5 8. c4 0-0 9. c5 Bc7 10. e4 Nxe4 11. Nxe4 dxe4 12. Bxe4 Bg6 13. Bxg6 hxg6 14. Bg5 Qc8 15. Be7 Re8 16. Bd6 Nd7 17. Ne5 Nxe5 18. dxe5 b6 19. Qc2 b5 20. Qc1 Qb7 21. Qg5 Bd8 22. Qf4 a5 23. Qg4 Be7 24. f4 a4 25. Rad1 Rad8 26. h4 Rd7 27. Rf3 Red8 28. Rg3 Qa7 29. h5 Bxd6 30. exd6 Rxd6 31. hxg6 Rxd1+ 32. Kh2 fxg6 33. Qxe6+ Qf7 34. Qxc6 Qxf4 35. Qxg6 Qf7 36. Qb6 R1d3 37. c6 Qh5+ 38. Rh3 Rxh3+ 39. gxh3 Qe2+ 40. Kg3 Rd3+ 41. Kf4 Rf3+ 42. Kg4 Qe4+ 43. Kh5 Rf5+ 44. Kg6 Qe6# 0-1